Lingua e scrittura degli antichi Umbri: catalogo della mostra

Saved in:
Bibliographic Details
Main Authors: Agostiniani, Luciano (Author), Calderini, Alberto (Author), Massarelli, Riccardo (Author)
Format: Book
Language:Italian
Published: Perugia Università degli Studi di Perugia 2011
Edition:1a. ed
Subjects:
Tags: Add Tag
No Tags, Be the first to tag this record!

MARC

LEADER 00000cam a2200000 a 4500
001 UCD8892
003 CL-VaPUC
008 170527e20110000it |||||||||||||||||ita|d
020 |a 9788890642111 
082 0 4 |a 411.7  |b AGO  |2 21 
100 0 |a Agostiniani, Luciano  |e author  |9 592466 
700 0 |a Calderini, Alberto  |e author  |9 592467 
700 0 |a Massarelli, Riccardo  |e author  |9 592468 
245 1 0 |a Lingua e scrittura degli antichi Umbri: catalogo della mostra 
250 |a 1a. ed 
300 |a 113 p 
942 |c BK 
945 |d 20170527 00:32:00  |a arojas 
260 |a Perugia  |b Università degli Studi di Perugia  |c 2011 
650 7 |a EPIGRAFIA  |2 CL-VaPUC  |9 340320 
650 7 |a EPIGRAMAS  |2 CL-VaPUC  |9 433332 
651 0 |a Italia  |9 254949 
583 |a last modification  |c 20170527 00:32:00  |k Rodrigo Vera 
999 |c 368199  |d 368197 
952 |0 0  |1 0  |3 erb  |4 0  |6 411_700000000000000_AGO_2011  |7 0  |8 A  |9 483470  |a FDOLAF  |b FDOLAF  |e Laffi, Umberto, 1939-  |i 5392179  |o 411.7 AGO 2011  |p 5392179  |r 2024-01-30  |w 2019-11-24  |y BK  |z Catalogado en:20170527  |k LAF